भारत के निर्माता / (Record no. 13008)

MARC details
000 -LEADER
fixed length control field 02442 a2200277 4500
008 - FIXED-LENGTH DATA ELEMENTS--GENERAL INFORMATION
fixed length control field 090601t xxu||||| |||| 00| 0 hin d
010 ## - LCCN (DPL NO)
LC control number B-299976-980
020 ## - INTERNATIONAL STANDARD BOOK NUMBER
International Standard Book Number 8189407139
Terms of availability 150.00
035 ## - SYSTEM CONTROL NUMBER
System control number B-299976-980
037 ## - SOURCE OF ACQUISITION
Source of stock number/acquisition हिन्दी विश्व भारती
040 ## - CATALOGING SOURCE
Original cataloging agency dpl
Language of cataloging HIN
082 ## - DEWEY DECIMAL CLASSIFICATION NUMBER
Classification number 920
100 ## - MAIN ENTRY--PERSONAL NAME
Personal name चन्द्रविजय सिंह
245 ## - TITLE STATEMENT
Title भारत के निर्माता /
Statement of responsibility, etc चन्द्रविजय सिंह एवं मंजू आर्या
260 ## - PUBLICATION, DISTRIBUTION, ETC. (IMPRINT)
Place of publication, distribution, etc दिल्ली
Name of publisher, distributor, etc हिन्दी विश्व भारती
Date of publication, distribution, etc 2007
270 ## - ADDRESS
Address बी-1634, जहांगीरपुरी
City दिल्ली
Postal code 110033
State or province दिल्ली
300 ## - PHYSICAL DESCRIPTION
Extent 160पृ
Dimensions 22सेमी (सजिल्द)
700 ## - ADDED ENTRY--PERSONAL NAME
Personal name आर्या, मंजू
942 ## - ADDED ENTRY ELEMENTS (KOHA)
Institution code [OBSOLETE] dpl
Item type Hindi Books
Call number prefix / चन्द्रवि
Source of classification or shelving scheme Dewey Decimal Classification
Classification part 920
Call number suffix चन्द्रवि
Holdings
Withdrawn status Lost status Source of classification or shelving scheme Damaged status Not for loan Collection code Home library Current library Date acquired Source of acquisition Cost, normal purchase price Total Checkouts Full call number Barcode Date last seen Copy number Cost, replacement price Koha item type
    Dewey Decimal Classification     Non-fiction Central Library Central Library 01/06/2009 हिन्दी विश्व भारती/22/24.9.08/540/4.9.08/3.10.08 150.00 1 920 चन्द्रवि B-299976 19/12/2017 1 150.00 Hindi Books
    Dewey Decimal Classification     Non-fiction Karol Bagh Karol Bagh 01/06/2009 हिन्दी विश्व भारती/22/24.9.08/540/4.9.08/3.10.08 150.00   920 चन्द्रवि B-299979 01/06/2009 1 150.00 Hindi Books
    Dewey Decimal Classification     Non-fiction Patel Nagar Patel Nagar 01/06/2009 हिन्दी विश्व भारती/22/24.9.08/540/4.9.08/3.10.08 150.00   920 चन्द्रवि B-299977 01/06/2009 1 150.00 Hindi Books
    Dewey Decimal Classification     Non-fiction Sarojini Nagar Sarojini Nagar 01/06/2009 हिन्दी विश्व भारती/22/24.9.08/540/4.9.08/3.10.08 150.00 2 920 चन्द्रवि B-299978 23/03/2021 1 150.00 Hindi Books
    Dewey Decimal Classification     Non-fiction Shahdara Branch Shahdara Branch 01/06/2009 हिन्दी विश्व भारती/22/24.9.08/540/4.9.08/3.10.08 150.00   920 चन्द्रवि B-299980 01/06/2009 1 150.00 Hindi Books

© Delhi Public Library
Hit Counter
free hit counter